000 00376nam a2200145Ia 4500
008 230917s9999||||xx |||||||||||||| ||und||
040 _e73916
_aMAIN
041 _aEnglish
082 _a658.4 K781O
100 _aKnudson, Harry R
245 0 _aOrganizational behaviour: a management approach
260 _aCambridge
_bWinthrop
_c1978
300 _axii, 466 p.
942 _cBK
999 _c192143
_d192143